Memento Mori: the most important thing in the world - Will Wood Lyrics - Statistics

General Stats
  • This quiz has been taken 17 times
    13 since last reset
  • The average score is 296 of 334
Answer Stats
Lyrics % Correct
a
100%
A
100%
above
100%
again
100%
ain't
100%
and
100%
And
100%
at
100%
At
100%
back
100%
be
100%
But
100%
but
100%
But,
100%
by
100%
car
100%
cards
100%
choke,
100%
day
100%
destination
100%
die
100%
die!
100%
ends
100%
even
100%
eyes
100%
far
100%
going
100%
Heaven,
100%
Hell,
100%
hit
100%
how
100%
If
100%
if
100%
in
100%
In
100%
it
100%
it!
100%
it's
100%
know
100%
knows
100%
life
100%
look
100%
love
100%
lucky,
100%
never
100%
Nirvana,
100%
no
100%
No
100%
No,
100%
not
100%
One
100%
one
100%
ones
100%
or
100%
palms
100%
peace
100%
Read
100%
sleep,
100%
So
100%
tarot
100%
that
100%
That
100%
the
100%
to
100%
very
100%
wake
100%
why
100%
will
100%
won't
100%
you
100%
You
100%
you'll
100%
your
100%
Your
100%
you're
100%
all
88%
burn,
88%
cares
88%
ceiling
88%
could
88%
doesn't
88%
drown,
88%
either
88%
fade,
88%
family
88%
flashes
88%
lights
88%
memory
88%
most
88%
nothing,
88%
nothing
88%
pieces
88%
regret
88%
Rest
88%
surrounded
88%
tree!
88%
up
88%
waste?!
88%
way,
88%
What
88%
what
88%
When
88%
when
88%
who
88%
faint
75%
from
75%
future
75%
horoscopes,
75%
is
75%
kill
75%
lead
75%
leaf
75%
legacy's
75%
makes
75%
means
75%
nor
75%
of
75%
past
75%
realize!
75%
see,
75%
something
75%
stronger,
75%
time
75%
truly
75%
Try
75%
try
75%
which
75%
yours
75%
amounts
63%
before
63%
billion
63%
couple
63%
eulogy
63%
eventually!
63%
fabric
63%
face
63%
falling
63%
generations
63%
ghost
63%
have
63%
infinity's
63%
just
63%
keep
63%
left
63%
live
63%
mattered
63%
mind:
63%
over
63%
remember
63%
space
63%
this
63%
vastness
63%
ways
63%
worries
63%
after!
50%
away,
50%
best
50%
cancer,
50%
everyone
50%
everything
50%
fear
50%
goes
50%
hands
50%
more
50%
murder,
50%
passage
50%
suicide
50%
Take
50%
there's
50%
Well,
50%
with
50%
about
38%
as
38%
chance
38%
like!
38%
need
38%
only
38%
oughtta
38%
probably
38%
think
38%
whether
38%
alive
25%
'cause
25%
here
25%
No matching quizzes found
Score Distribution
Percent of People with Each Score
Percentile by Number Answered
Your Score History
You have not taken this quiz since the last reset